Samuel Beckett : desde la nada /
Programa realizado con motivo de los cien años del nacimiento del poeta, dramaturgo, novelista y crítico literario irlandés Samuel Beckett (1906-1989), donde se presenta un breve perfil de su pensamiento, así como dramatizaciones y lecturas de sus obras.
Збережено в:
| Автор: | |
|---|---|
| Інші автори: | , , , , , , , |
| Формат: | |
| Мова: | Іспанська |
| Опубліковано: |
México :
CONACULTA : Canal 22,
2008, c2008
México : CONACULTA [distribución] : Canal 22 [dist.] , fecha no identificada |
| Серія: | (Colección Canal 22. Literatura)
|
| Предмети: | |
| Теги: |
Немає тегів, Будьте першим, хто поставить тег для цього запису!
|
MARC
| LEADER | 00000ngm^a2200000^a^4500 | ||
|---|---|---|---|
| 001 | 000300717 | ||
| 005 | 20251020000000.0 | ||
| 009 | 20260310112521.446 | ||
| 037 | |a Acervo ITESO - Biblioteca | ||
| 041 | |a ESP | ||
| 082 | |a 709. |b CAN V. 3 | ||
| 100 | |a Velázquez Correa, Jacaranda |e (prod.) | ||
| 245 | 1 | 0 | |a Samuel Beckett : |b desde la nada / |c Prod. y dir. de J. Velázquez Correa ; realización de J. Rueda. |
| 264 | 4 | |a México : |b CONACULTA : |b Canal 22, |c 2008, c2008 | |
| 264 | 4 | |a México : |b CONACULTA [distribución] : |b Canal 22 [dist.] , |c fecha no identificada | |
| 300 | |a 1 DVD multirregión |c (23 min.) + |e 1 lámina | ||
| 336 | |a imagen móvil bidimensional |b tdi |2 rdacontenido | ||
| 337 | |a video |b v |2 rdamedio | ||
| 338 | |a videodisco |b vd |2 rdasoporte | ||
| 440 | 1 | |a (Colección Canal 22. |p Literatura) | |
| 520 | |a Programa realizado con motivo de los cien años del nacimiento del poeta, dramaturgo, novelista y crítico literario irlandés Samuel Beckett (1906-1989), donde se presenta un breve perfil de su pensamiento, así como dramatizaciones y lecturas de sus obras. | ||
| 545 | 0 | |a Samuel Beckett (1906-1989), poeta, dramaturgo, novelista y crítico literario irlandés. Sus primeros escritos fueron en inglés, pero a partir de 1945, en francés, después de haber fijado su residencia en Francia. En 1969 obtiene el Premio Nobel de Literatura. Se le considera, junto con Eugène Ionesco, uno de los iniciadores del teatro del absurdo. Su escritura abandona el lenguaje realista y tradicional por uno experimental, donde sus personajes revelan la soledad, lo pesimista y patético de la condición humana en la sociedad moderna, cargado con un humorismo trágico. Entre sus novelas se encuentran Murphy (1938), Watt (1945), Molly (1951), Malone muere (1951), El innombrable (1953); en teatro, Esperando a Godot (1952), Los días felices (1961); en poesía Colección de poemas en inglés y francés (1977); en ensayo, Proust (1931), entre otros. | |
| 586 | |a Premio Nobel de Literatura 1969: Biografías, crítica e interpretación | ||
| 649 | |a XX | ||
| 650 | |a Escritores Irlandeses | ||
| 650 | |a Mujeres en la Televisión | ||
| 650 | |a Documentales | ||
| 650 | |a Cortometrajes y Mediometrajes Mexicanos | ||
| 650 | |a Televisión - |z México - |y 2000-2009 | ||
| 650 | |a Televisión - |z México - |y Siglo XXI | ||
| 650 | |a Literatura en Francés - |z Irlanda - |x Historia y Crítica | ||
| 650 | |a Literatura en Inglés - |z Irlanda - |x Historia y Crítica | ||
| 650 | |a Literatura Irlandesa - |x Historia y Crítica | ||
| 650 | |a Literatura Irlandesa - |y Siglo XX | ||
| 650 | |a Literatura y Televisión | ||
| 650 | |a Beckett, Samuel - |x Tema Principal | ||
| 700 | |a Velázquez Correa, Jacaranda |e (dirección) | ||
| 700 | |a Rueda, Joselo |e (realización) | ||
| 700 | |a Santander, Gabriel |e (guión) | ||
| 700 | |a Fishkyn, Susy |e (guión) | ||
| 700 | |a Velázquez Correa, Jacaranda |e (guión) | ||
| 700 | |a Ramírez, Omar |e (investigación) | ||
| 700 | |a Nieto, Saúl |e (fotógrafo) | ||
| 700 | |a Rebing, Jorge |e (voz) | ||
| 910 | |a Fondo General | ||
| 920 | |a Audiovisuales - DVDs | ||
| 905 | |a 302 | ||
| 901 | |a 0500198465 |b IT2 |c DVS |u 20250521 | ||
| 901 | |a 0500240286 |b IT2 |c MIN |u 20251020 | ||
| 902 | |a https://opac.biblio.iteso.mx/vufind/Record/000300717 | ||